000 00594cam a22002171 4500
001 ne 62000978
003 DLC
005 20260227111736.0
008 890207s1961 le 000 1 ararc
010 _ane 62000978
025 _aPL480:UAR-677
035 _a(OCoLC)19111603
040 _aPrinceton Univ. Libr.
_cWaU
_dWaU
_dDLC
042 _apremarc
050 0 0 _aPJ7814.Q5
_bK3
100 1 _aʻAql, Saʻīd.
245 1 0 _aKaʼs li-khamr
_c[taʼlīf] Saʻīd ʻAql.
250 _a[al-Ṭabʻah al-ūlá]
260 _a[Bayrūt]
_bal-Maktab al-Tijārī
_c[1961]
300 _a171 p.
_c18 cm.
999 _c45170
_d45170